000 00500nam a2200193Ia 4500
005 20230320102400.0
008 140110s9999 xx 000 0 und d
020 _a9788129515001
_cRs.130.00
040 _aLoreto College
041 _aEnglish
082 _a891.441
_bCHA
100 _aChattopadhyay, Birendra
245 _aShrestha kavita
_cBirendra Chattopadhyay
260 _aKolkata
_bDey's Publishing
_c2012
300 _a176p.
650 _aBengali poetry
850 _aLCLIB
942 _cBK
999 _c38577
_d89056